[Event "Pardubice Czech op-C 32nd"]
[Site "Pardubice"]
[Date "2021.07.31"]
[Round "9"]
[White "Petirova, Iva"]
[Black "Janko, Jan"]
[Result "0-1"]
[WhiteElo "1488"]
[BlackElo "1690"]
[PlyCount "66"]
[EventDate "2021.07.24"]
[EventType "swiss"]
[EventRounds "9"]
[EventCountry "CZE"]
[SourceTitle "EXT 2022"]
[Source "ChessBase"]
[SourceDate "2021.10.06"]
[SourceVersion "1"]
[SourceVersionDate "2021.10.06"]
[SourceQuality "1"]

1. e4 d6 2. d4 Nf6 3. Nc3 g6 4. g3 Bg7 5. Bg2 0-0 6. Nge2 Nbd7 7. 0-0 c5 8. d5 a6 9. a4 Nb6 10. b3 a5 11. Bb2 Bd7 12. Qd2 Qc8 13. Rfc1 Bh3 14. Bh1 Ng4 15. Qe1 Bh6 16. Rd1 Ne3 17. Rd2 Ng4 18. Rdd1 c4 19. Nb5 Nd7 20. Bg2 Bxg2 21. Kxg2 cxb3 22. cxb3 Qc2 23. Qc3 Qxe4+ 24. Kg1 Nde5 25. Ned4 Nxf2 26. Re1 Nh3+ 27. Kf1 Qh1+ 28. Ke2 Qg2+ 29. Kd1 Nf2+ 30. Kc2 Rac8 31. Nc7 Ne4+ 32. Re2 Qxe2+ 33. Nxe2 Nxc3 0-1

[Event "Pardubice Kraj op-G"]
[Site "Pardubice"]
[Date "2020.09.23"]
[Round "1"]
[White "Jedlicka, Ales"]
[Black "Janko, Jan"]
[Result "1-0"]
[WhiteElo "2218"]
[BlackElo "1582"]
[PlyCount "68"]
[EventDate "2020.09.23"]
[EventType "swiss (rapid)"]
[EventRounds "9"]
[EventCountry "CZE"]
[SourceTitle "CBM 198 Extra"]
[Source "ChessBase"]
[SourceDate "2020.11.30"]
[SourceVersion "1"]
[SourceVersionDate "2020.11.30"]
[SourceQuality "1"]

1. d4 d6 2. e4 Nf6 3. Nc3 g6 4. Nf3 Bg7 5. Be2 0-0 6. 0-0 h6 7. Re1 c5 8. d5 Nbd7 9. h3 Kh7 10. Bf4 Qb6 11. Rb1 Ng8 12. Bg3 Qa5 13. Qd2 a6 14. a4 Nb6 15. Ra1 c4 16. Bf1 Bd7 17. e5 Rfc8 18. exd6 exd6 19. Bxd6 Nxa4 20. Be5 Nf6 21. Nxa4 Qxd2 22. Nxd2 Bxa4 23. Rxa4 b5 24. Raa1 Nxd5 25. Bxg7 Kxg7 26. Re5 Nf6 27. c3 Rd8 28. Nf3 Nh5 29. Re7 Nf4 30. Nd4 Re8 31. Rxe8 Rxe8 32. g3 Nd3 33. Bxd3 cxd3 34. Rd1 Rc8 1-0

[Event "Pardubice Czech op-B"]
[Site "Pardubice"]
[Date "2020.09.23"]
[Round "3"]
[White "Koch, Stefan"]
[Black "Janko, Jan"]
[Result "1-0"]
[WhiteElo "1896"]
[BlackElo "1724"]
[PlyCount "57"]
[EventDate "2020.09.21"]
[EventType "swiss"]
[EventRounds "9"]
[EventCountry "CZE"]
[SourceTitle "CBM 198 Extra"]
[Source "ChessBase"]
[SourceDate "2020.11.30"]
[SourceVersion "1"]
[SourceVersionDate "2020.11.30"]
[SourceQuality "1"]

1. c4 d6 2. g3 g6 3. Bg2 Bg7 4. Nc3 Nf6 5. d3 0-0 6. e4 c6 7. Nge2 Nbd7 8. 0-0 h6 9. Rb1 Rb8 10. h3 a6 11. Be3 e5 12. Qd2 Kh7 13. f4 b5 14. b3 Bb7 15. g4 b4 16. Nd1 Ba8 17. Ng3 Ne8 18. f5 Nb6 19. g5 hxg5 20. Bxg5 Bf6 21. fxg6+ fxg6 22. Be3 Ng7 23. Nf2 Ne6 24. Ng4 Nd7 25. Nxf6+ Nxf6 26. Rf2 Qe7 27. Rbf1 c5 28. Bg5 Nxg5 29. Qxg5 1-0

[Event "Pardubice Czech Tintera op 30th"]
[Site "Pardubice"]
[Date "2019.07.24"]
[Round "6"]
[White "Fedotov, Konstantin"]
[Black "Janko, Jan"]
[Result "1-0"]
[WhiteElo "2020"]
[BlackElo "1694"]
[PlyCount "56"]
[EventDate "2019.07.19"]
[EventType "swiss"]
[EventRounds "9"]
[EventCountry "CZE"]
[SourceTitle "EXT 2020"]
[Source "ChessBase"]
[SourceDate "2019.10.17"]
[SourceVersion "1"]
[SourceVersionDate "2019.10.17"]
[SourceQuality "1"]

1. c4 d6 2. Nc3 Nf6 3. g3 g6 4. Bg2 Bg7 5. d3 0-0 6. Bg5 h6 7. Bxf6 Bxf6 8. e3 Nc6 9. h3 Bg7 10. Nge2 e5 11. 0-0 g5 12. f4 f5 13. fxg5 hxg5 14. d4 Ne7 15. Qb3 c6 16. Rad1 Qe8 17. d5 c5 18. Nb5 Qd8 19. Qc2 a6 20. Nbc3 Rb8 21. a4 Bd7 22. Ra1 b5 23. axb5 axb5 24. cxb5 Bxb5 25. Nxb5 Rxb5 26. Ra7 e4 27. Nc3 Rb4 28. g4 Rb8 1-0

[Event "Pardubice Czech op-C 29th"]
[Site "Pardubice"]
[Date "2018.07.22"]
[Round "2"]
[White "Janko, Jan"]
[Black "Slavik, Jan"]
[Result "0-1"]
[WhiteElo "1703"]
[BlackElo "1925"]
[PlyCount "43"]
[EventDate "2018.07.21"]
[EventType "swiss"]
[EventRounds "9"]
[EventCountry "CZE"]
[SourceTitle "CBM 186 Extra"]
[Source "ChessBase"]
[SourceDate "2018.08.24"]
[SourceVersion "1"]
[SourceVersionDate "2018.08.24"]
[SourceQuality "1"]

1. e4 e5 2. f4 Bc5 3. Nf3 Nf6 4. fxe5 Nxe4 5. d4 Be7 6. Bc4 d5 7. exd6 Nxd6 8. Bd3 Bg4 9. 0-0 0-0 10. c3 Nd7 11. Qc2 h6 12. Bf4 Nf6 13. Ne5 Be6 14. Qe2 Qc8 15. Nd2 Re8 16. Rf3 Nd5 17. Bg3 f6 18. Ne4 fxe5 19. Nxd6 cxd6 20. Qe4 Nf6 21. Rxf6 Bxf6 22. Rf1 0-1

[Event "Pardubice Czech op-C 28th"]
[Site "Pardubice"]
[Date "2017.07.24"]
[Round "3"]
[White "Colbow, Collin"]
[Black "Janko, Jan"]
[Result "1-0"]
[WhiteElo "1965"]
[BlackElo "1732"]
[PlyCount "35"]
[EventDate "2017.07.22"]
[EventType "swiss"]
[EventRounds "9"]
[EventCountry "CZE"]
[SourceTitle "CBM 179 Extra"]
[Source "ChessBase"]
[SourceDate "2017.08.23"]
[SourceVersion "1"]
[SourceVersionDate "2017.08.23"]
[SourceQuality "1"]

1. e4 d6 2. d4 Nf6 3. Nc3 g6 4. f4 c6 5. Nf3 Bg4 6. Bd3 Qa5 7. h3 Qh5 8. 0-0 Bxf3 9. Rxf3 Qa5 10. e5 Nd5 11. Nxd5 cxd5 12. f5 Nc6 13. fxg6 fxg6 14. exd6 Nxd4 15. Bxg6+ hxg6 16. Qxd4 Rg8 17. Bd2 Bg7 18. d7+ 1-0

[Event "Pardubice Czech op-C 28th"]
[Site "Pardubice"]
[Date "2017.07.23"]
[Round "2"]
[White "Janko, Jan"]
[Black "Ganiev, Takhir"]
[Result "1-0"]
[WhiteElo "1732"]
[BlackElo "1994"]
[PlyCount "86"]
[EventDate "2017.07.22"]
[EventType "swiss"]
[EventRounds "9"]
[EventCountry "CZE"]
[SourceTitle "CBM 179 Extra"]
[Source "ChessBase"]
[SourceDate "2017.08.23"]
[SourceVersion "1"]
[SourceVersionDate "2017.08.23"]
[SourceQuality "1"]

1. e4 e5 2. Nf3 Nc6 3. Bb5 a6 4. Ba4 Nf6 5. 0-0 Be7 6. Nc3 d6 7. d4 b5 8. Bb3 Bg4 9. h3 Bxf3 10. Qxf3 Nxd4 11. Qd3 0-0 12. Ne2 Nxb3 13. axb3 c5 14. Ng3 Re8 15. Nf5 Bf8 16. Bg5 h6 17. Bxf6 Qxf6 18. Ne3 Qe7 19. Ra5 Ra7 20. Rfa1 Rea8 21. Nd5 Qb7 22. b4 cxb4 23. Nxb4 Be7 24. Qd5 Qxd5 25. exd5 Bd8 26. R5a2 Bb6 27. Nc6 Rb7 28. Rxa6 Rxa6 29. Rxa6 Kh7 30. Kf1 Kg6 31. Ra3 f5 32. Rb3 Bc5 33. Ke2 Kf6 34. g4 g6 35. f3 h5 36. Nd8 Rb6 37. Ne6 e4 38. gxf5 gxf5 39. fxe4 fxe4 40. Rg3 Rb7 41. h4 Rh7 42. Rg5 Bb6 43. Nf4 Bd8 1-0